Farmacología en enfermería : (Registro nro. 63138)

Detalles MARC
000 -LEADER
campo de control de longitud fija 02799am aa2200469i 44500
003 - IDENTIFICADOR DE NÚMERO DE CONTROL
campo de control PE-LiUPU
005 - FECHA Y HORA DE LA ÚLTIMA TRANSACCIÓN
campo de control 20251030103728.0
008 - DATOS DE LONGITUD FIJA--INFORMACIÓN GENERAL
campo de control de longitud fija 1909s2019 sp#a rb 001 0 spa d
020 ## - NÚMERO INTERNACIONAL ESTÁNDAR DEL LIBRO
Número Internacional Estándar del Libro 9788491102793
Información calificativa (versión impresa + versión digital)
020 ## - NÚMERO INTERNACIONAL ESTÁNDAR DEL LIBRO
Número Internacional Estándar del Libro 9788491102809
Información calificativa (versión digital)
035 ## - NÚMERO DE CONTROL DEL SISTEMA
Número de control de sistema PE-LiUPU000058
040 ## - FUENTE DE CATALOGACIÓN
Centro catalogador/agencia de origen PE-LiUPU
Lengua de catalogación spa
Centro/agencia transcriptor PE-LiUPU
Normas de descripción rda
082 04 - NÚMERO DE LA CLASIFICACIÓN DECIMAL DEWEY
Número de clasificación 615.1
Número de edición 23
Cutter S697f
100 ## - ENTRADA PRINCIPAL--NOMBRE DE PERSONA
Nombre de persona Somoza Hernández, Beatriz,
Término indicativo de función/relación autora.
9 (RLIN) 7494
245 10 - MENCIÓN DEL TÍTULO
Título Farmacología en enfermería :
Resto del título teoría y casos prácticos /
Mención de responsabilidad, etc. por Beatriz Somoza Hernández, María Victoria Cano González y Pedro Guerra López.
250 ## - MENCION DE EDICION
Mención de edición 2.ª edición.
264 #1 - PRODUCCIÓN, PUBLICACIÓN, DISTRIBUCIÓN, FABRICACIÓN Y COPYRIGHT
Producción, publicación, distribución, fabricación y copyright Madrid :
Nombre del de productor, editor, distribuidor, fabricante Editorial Médica Panamericana,
Fecha de producción, publicación, distribución, fabricación o copyright 2019 (reimpresión digital, marzo 2023).
300 ## - DESCRIPCIÓN FÍSICA
Extensión 266 páginas :
Otras características físicas ilustraciones, tablas ;
Dimensiones 27 cm +
Material acompañante/anejo 1 versión digital complementaria.
336 ## - TIPO DE CONTENIDO
Término de tipo de contenido texto
Código de tipo de contenido txt
Fuente rdacontent
337 ## - TIPO DE MEDIO
Nombre/término del tipo de medio sin mediación
Código del tipo de medio n
Fuente rdamedia
338 ## - TIPO DE SOPORTE
Nombre/término del tipo de soporte volumen
Código del tipo de soporte nc
Fuente rdacarrier
500 ## - NOTA GENERAL
Nota general Incluye casos prácticos interactivos y autoevaluaciones en línea.
500 ## - NOTA GENERAL
Nota general Depósito legal: M-29747-2019.
500 ## - NOTA GENERAL
Nota general Primera edición, marzo 2012; segunda edición, 2019; primera reimpresión digital, marzo 2023.
504 ## - NOTA DE BIBLIOGRAFÍA, ETC.
Nota de bibliografía, etc. Incluye referencias bibliográficas y recursos web recomendados.
505 0# - NOTA DE CONTENIDO CON FORMATO
Nota de contenido con formato Farmacología general -- Farmacología de órganos y sistemas -- Farmacología en situaciones críticas -- índice Analítico.
520 ## - RESUMEN, ETC.
Sumario, etc. Manual actualizado que integra los fundamentos teóricos de la farmacología con su aplicación práctica en enfermería. Presenta casos clínicos, parámetros farmacocinéticos, errores frecuentes de medicación y guías para la administración segura de fármacos en pacientes críticos. Recurso de referencia para estudiantes y profesionales de enfermería.
546 ## - NOTA DE IDIOMA
Nota de lengua/lenguaje Texto en español.
650 14 - PUNTO DE ACCESO ADICIONAL DE MATERIA--TÉRMINO DE MATERIA
Término de materia o nombre geográfico como elemento de entrada Farmacología
Subdivisión general Estudio y enseñanza.
9 (RLIN) 7495
650 24 - PUNTO DE ACCESO ADICIONAL DE MATERIA--TÉRMINO DE MATERIA
Término de materia o nombre geográfico como elemento de entrada Medicamentos
Subdivisión general Administración
9 (RLIN) 7497
650 24 - PUNTO DE ACCESO ADICIONAL DE MATERIA--TÉRMINO DE MATERIA
Término de materia o nombre geográfico como elemento de entrada Errores de medicación
Subdivisión general Prevención.
9 (RLIN) 7498
650 24 - PUNTO DE ACCESO ADICIONAL DE MATERIA--TÉRMINO DE MATERIA
Término de materia o nombre geográfico como elemento de entrada Cuidados intensivos
Subdivisión general Farmacología aplicada.
9 (RLIN) 7499
650 24 - PUNTO DE ACCESO ADICIONAL DE MATERIA--TÉRMINO DE MATERIA
Término de materia o nombre geográfico como elemento de entrada Educación en enfermería
Subdivisión general Materiales de enseñanza.
9 (RLIN) 7500
655 #7 - TERMINO DE INDIZACIÓN--GENERO/FORMA
Datos o término principal de género/forma Manuales universitarios
Fuente del término rdfs
700 ## - ENTRADA AGREGADA--NOMBRE PERSONAL
Nombre de persona Cano González, María Victoria,
Término indicativo de función/relación autora.
9 (RLIN) 7501
700 ## - ENTRADA AGREGADA--NOMBRE PERSONAL
Nombre de persona Guerra López, Pedro,
Término indicativo de función/relación autor.
9 (RLIN) 7502
710 ## - ENTRADA AGREGADA--NOMBRE DE ENTIDAD CORPORATIVA
Nombre de entidad corporativa o nombre de jurisdicción como elemento de entrada Editorial Médica Panamericana,
Término indicativo de función/relación editor.
9 (RLIN) 6616
856 40 - LOCALIZACIÓN Y ACCESO ELECTRÓNICOS
Identificador Uniforme de Recursos <a href="https://www.medicapanamericana.com/libros/farmacologia-en-enfermeria-teoria-y-casos-practicos">https://www.medicapanamericana.com/libros/farmacologia-en-enfermeria-teoria-y-casos-practicos</a>
Nota pública Acceso a la versión digital y materiales complementarios.
942 ## - ELEMENTOS DE ENTRADA SECUNDARIOS (KOHA)
Fuente del sistema de clasificación o colocación Clasificación Decimal Dewey
Tipo de ítem Koha Libros físicos
980 ## - EQUIVALENCIA O REFERENCIA-CRUZADA-MENCIÓN DE SERIE--NOMBRE DE PERSONA/TÍTULO [LOCAL, CANADÁ]
ID del usuario creador del registro 21515
Nombre del creador del registro ROMINA COBOS Adquisiciones
ID del último usuario que modificó el registro 18226
Nombre del último usuario que modificó el registro Jaime Vilcazán Jefe de Análisis Documental
Existencias
Visto por última vez Total de préstamos Signatura topográfica completa Código de barras Fecha del último préstamo Copia número Coste, precio de reemplazo Fecha de reemplazo Facultad Tipo de ítem Koha Estado de pérdida Fuente del sistema de clasificación o colocación Restricciones de uso No para préstamo Colección Programa académico Biblioteca de origen Biblioteca actual Ubicación en estantería Fecha de adquisición Fuente de adquisición Coste, precio normal de compra
2026-05-13 1 615.1 S697f 82871 2026-05-08 e1 55.00 2025-10-23 FSALUD Libros físicos No Perdido Clasificación Decimal Dewey No restringido Disponible para préstamos Colección General Enfermería Biblioteca CRAI UPeU Lima Biblioteca CRAI UPeU Lima Sala principal 2025-10-20 COMPRA 50.00